000 00382nam a22001457a 4500
003 OSt
005 20251121105759.0
008 251121b |||||||| |||| 00| 0 eng d
020 _a9780553447781
040 _cCROWN PUBLISHERS
050 _aE 883 .B87 2014
245 _a41 A PORTRAIT OF MY FATHER
_cBUSH, GEORGE W.
260 _aNEW YORK
_bCROWN PUBLISHERS
_c2014
942 _2ddc
_cBK
_n0
999 _c9846
_d9846